000 00589nam a2200169 a 4500
008 120416s1998 ||||||||||||||||| || u
020 _a0748730648
050 _aP 90 Gen
100 _a[and others]
245 1 0 _aGNVQ Intermediate media
246 _acommunication and production
260 _aCheltenham
_bStanley Thornes Publishers
_c1998
300 _ax, 304p. : ill.
350 _a0.00
700 _aStarkey, Guy
995 _D0.00
_FCBU-MAIN LIBRARY (Kitwe)
_H1
_I15.00
_M1
_UAVAILABLE
_WApr 27, 2007
_ZAnnex Low-Usage Collection
999 _c44759
_d44759